000 00539nam a22001697a 4500
005 20251108165449.0
008 250721s2002 xx 000 0 ara d
082 1 4 _aم/213/نوو
100 1 _aالنووي، أبو زكريا يحيى بن شرف
245 1 0 _aرياض الصالحين /
264 1 _aعمان :
_bدار الفكر للنشر و التوزيع،
_c2002.
650 1 7 _aالإسلام
650 1 7 _aالحديث الشريف
700 1 _aعمر، عبد الله
_eتحقيق
942 _2ddc
_cREF
999 _c28535
_d28535